| 000 -CABECERA |
| Longitud fija campo de control |
00742nam a2200241 a 4500 |
| 001 - NÚMERO DE CONTROL |
| Número de control |
3028 |
| 003 - IDENTIFICADOR DEL NÚMERO DE CONTROL |
| Identificador del número de control |
CDMR |
| 005 - FECHA Y HORA DE LA ÚLTIMA TRANSACCIÓN |
| Fecha y hora de la última transacción |
20131205110923.0 |
| 008 - CÓDIGOS DE INFORMACIÓN DE LONGITUD FIJA |
| Códigos de información de longitud fija |
130130s1976||||||||||||||||||||||||||||d |
| 040 ## - FUENTE DE LA CATALOGACIÓN |
| Centro catalogador de origen |
CDMR |
| Lengua de catalogación |
cat |
| Centro transcriptor |
CDMR |
| 100 1# - PUNTO DE ACCESO PRINCIPAL-NOMBRE DE PERSONA |
| Nombre de persona |
Dorfman, Ariel |
| 9 (RLIN) |
2224 |
| 245 10 - MENCIÓN DE TÍTULO |
| Título |
Para leer el pato Donald |
| Mención de responsabilidad, etc. |
por Ariel Dorfman y Armand Mattelart ; prólogo Hector Schmucler |
| 250 ## - MENCIÓN DE EDICIÓN |
| Mención de edición |
15a ed. |
| 260 ## - PUBLICACIÓN, DISTRIBUCIÓN, ETC. (PIE DE IMPRENTA) |
| Lugar de publicación, distribución, etc. |
Buenos Aires |
| Fecha de publicación, distribución, etc. |
1976 |
| Nombre del editor, distribuidor, etc. |
Siglo XXI |
| 300 ## - DESCRIPCIÓN FÍSICA |
| Extensión |
160 p. |
| 490 0# - MENCIÓN DE SERIE |
| Mención de serie |
Comunicación de masa (Siglo XXI) |
| 650 04 - PUNTO DE ACCESO ADICIONAL DE MATERIA - TÉRMINO DE MATERIA |
| 9 (RLIN) |
4459 |
| Término de materia o nombre geográfico como elemento inicial |
Cultura popular |
| Subdivisión geográfica |
Estats Units d'Amèrica |
| 650 04 - PUNTO DE ACCESO ADICIONAL DE MATERIA - TÉRMINO DE MATERIA |
| 9 (RLIN) |
3313 |
| Término de materia o nombre geográfico como elemento inicial |
Còmics |
| Subdivisión de materia general |
Història i crítica |
| 650 04 - PUNTO DE ACCESO ADICIONAL DE MATERIA - TÉRMINO DE MATERIA |
| 9 (RLIN) |
3177 |
| Término de materia o nombre geográfico como elemento inicial |
Propaganda |
| 650 04 - PUNTO DE ACCESO ADICIONAL DE MATERIA - TÉRMINO DE MATERIA |
| 9 (RLIN) |
4426 |
| Término de materia o nombre geográfico como elemento inicial |
Política i cultura |
| 700 1# - PUNTO DE ACCESO ADICIONAL - NOMBRE DE PERSONA |
| 9 (RLIN) |
379 |
| Nombre de persona |
Mattelart, Armand |
| 942 ## - ENTRADA DE ELEMENTOS AGREGADOS (KOHA) |
| Koha [por defecto] tipo de item |
Monografies |
| Fuente de clasificaión o esquema |
|